[Event "BIH-chTA 27th"]
[Site "Lukavac"]
[Date "2020.11.02"]
[Round "6.3"]
[White "Atlic, Mirza"]
[Black "Salibasic, Ibrahim"]
[Result "1/2-1/2"]
[WhiteElo "1997"]
[BlackElo "1781"]
[PlyCount "88"]
[EventDate "2020.10.30"]
[EventType "team-tourn"]
[EventRounds "9"]
[EventCountry "BIH"]
[SourceTitle "CBM 199 Extra"]
[Source "ChessBase"]
[SourceDate "2021.01.31"]
[SourceVersion "1"]
[SourceVersionDate "2021.01.31"]
[SourceQuality "1"]
[WhiteTeam "Cazin Ljiljan"]
[BlackTeam "Srebrenik"]
[WhiteTeamCountry "BIH"]
[BlackTeamCountry "BIH"]

1. d4 d5 2. c4 c6 3. Nf3 Nf6 4. g3 g6 5. Bg2 Bg7 6. 0-0 0-0 7. Nc3 a6 8. Ne5 dxc4 9. Nxc4 Nd5 10. e4 Nxc3 11. bxc3 c5 12. e5 cxd4 13. cxd4 Nc6 14. Be3 Rb8 15. f4 Na5 16. Nb2 b5 17. Rc1 Bb7 18. Rc5 Bxg2 19. Kxg2 Nb7 20. Rc6 Ra8 21. Qf3 Na5 22. Rc5 Qd7 23. Qd5 Qxd5+ 24. Rxd5 Rfc8 25. Rc5 Rxc5 26. dxc5 e6 27. Rd1 Bf8 28. Kf3 Rc8 29. Rc1 Be7 30. Ke4 Kf8 31. Nd3 Nc6 32. g4 Ke8 33. Rb1 Rb8 34. Bd2 Kd7 35. Rd1 Kc7 36. Be3 Rd8 37. Rh1 Rh8 38. Rc1 h5 39. g5 Rd8 40. Rb1 Rb8 41. Bd2 Rd8 42. Be3 Rd5 43. Rc1 Kb7 44. Rb1 Kc7 1/2-1/2